Semi-automatic tumor contouring method using PET and MRI medical images
Elmentve itt :
| Szerzők: | |
|---|---|
| Dokumentumtípus: | Könyv része |
| Megjelent: |
CRC Press - Taylor and Francis Group
Leiden
2015
|
| Sorozat: | Eccomas Thematic Conference on Computational Vision and Medical Image Processing
Computational Vision and Medical Image Processing |
| Tárgyszavak: | |
| mtmt: | 2967201 |
| Online Access: | http://publicatio.bibl.u-szeged.hu/5823 |
| LEADER | 01019naa a2200241 i 4500 | ||
|---|---|---|---|
| 001 | publ5823 | ||
| 005 | 20220919133701.0 | ||
| 008 | 151110s2015 hu o 0|| angol d | ||
| 020 | |a 978-1-138-02926-2 | ||
| 024 | 7 | |a 2967201 |2 mtmt | |
| 040 | |a SZTE Publicatio Repozitórium |b hun | ||
| 041 | |a angol | ||
| 100 | 1 | |a Urbán Szabolcs | |
| 245 | 1 | 0 | |a Semi-automatic tumor contouring method using PET and MRI medical images |h [elektronikus dokumentum] / |c Urbán Szabolcs |
| 260 | |a CRC Press - Taylor and Francis Group |b Leiden |c 2015 | ||
| 300 | |a 209-214 | ||
| 490 | 0 | |a Eccomas Thematic Conference on Computational Vision and Medical Image Processing | |
| 490 | 0 | |a Computational Vision and Medical Image Processing | |
| 650 | 4 | |a Számítás- és információtudomány | |
| 700 | 0 | 1 | |a Ruskó László |e aut |
| 700 | 0 | 1 | |a Nagy Antal |e aut |
| 856 | 4 | 0 | |u http://publicatio.bibl.u-szeged.hu/5823/1/petmrpaper.pdf |z Dokumentum-elérés |
| 856 | 4 | 0 | |u http://publicatio.bibl.u-szeged.hu/5823/7/2967201%20-cimlap-tartalom.pdf |z Dokumentum-elérés |